• 首页
  • 本馆介绍
  • 公告通知
  • 最新文献
  • 馆藏检索
  • 电子资源
  • 读者导购
  • 参考咨询
  • 我的图书馆
  • 登录
  • 详细信息显示
  • 放入我的书架
  • 预约/预借图书
  • 作者相关作品
  • 分类相关作品
  • 丛书相关作品
  • 出版社相关作品

书目信息

  • 表格格式
  • 工作单格式
  • 卡片格式
题名:
儿科护理
    
 
作者: 玛勒·梅尔 , 安妮特·詹珂森 著 ;贾立命 , 姚奉理 译
分册:  
出版信息: 南昌   江西科学技术出版社  2001.01
页数: 375页
开本: 26cm
丛书名: McGraw-Hill临床护理计划丛书
单 册:
中图分类: R473.72
科图分类:
主题词: 护理学
电子资源:
ISBN: 7-5390-1849-6
000 00854nam0 2200253 450
001 0434606052
005 20040412093645.53
010    @a7-5390-1849-6@dCNY45.00
100    @a20040412d2001 km y0chiy0120 ea
101 0  @achi
102    @aCN@b360000
200 1  @a儿科护理@Aer ke hu li@f(美)玛勒·梅尔,安妮特·詹珂森著@F(mei)ma le·mei er,an ni te·zhan ke sen zhu@g贾立命,姚奉理译@Gjia li ming,yao feng li yi
210    @a南昌@c江西科学技术出版社@d2001.01
215    @a375页@d26cm
225 2  @aMcGraw-Hill临床护理计划丛书
410  0 @12001 @aMcGraw-Hill临床护理计划丛书
606 0  @a护理学
690    @aR473.72@v4
701  0 @a玛勒·梅尔@Ama le·mei er@4著
701  0 @a安妮特·詹珂森@Aan ni te·zhan ke sen@4著
702  0 @a贾立命@Ajia li ming@4译
702  0 @a姚奉理@Ayao feng li@4译
801  0 @aCN@bPFT@c20040412
905    @aBZT@dR473.72@e1
    
    儿科护理/(美)玛勒·梅尔,安妮特·詹珂森著/贾立命,姚奉理译.-南昌:江西科学技术出版社,2001.01
    375页;26cm.-(McGraw-Hill临床护理计划丛书)
    
    
    ISBN 7-5390-1849-6:CNY45.00
    
●
相关链接 在五车中查询图书 在当当中查询图书 在豆瓣中查询图书


正题名:儿科护理     索取号:R473.72/1         预约/预借

序号 登录号 条形码 馆藏地/架位号 状态 备注
1 0362171   230077987   中心书库中库/ 中库008架B面5列6层25/ [索取号:R473.72/1] 在馆    
2 0362172   230077994   中心书库中库/ 中库008架B面5列6层31/ [索取号:R473.72/1] 在馆    
3 0362173   230077988   中心书库中库/ 中库008架B面5列6层28/ [索取号:R473.72/1] 在馆    
4 0362174   230077991   中心书库中库/ 中库008架B面5列6层24/ [索取号:R473.72/1] 在馆    
5 0362175   230077992   中心书库中库/ 中库008架B面5列6层26/ [索取号:R473.72/1] 在馆    
6 0362176   230077989   中心书库中库/ 中库008架B面5列6层29/ [索取号:R473.72/1] 在馆    
7 0362177   230077993   中心书库中库/ 中库008架B面5列6层23/ [索取号:R473.72/1] 在馆    
8 2001740370   2001740370   样本书库/样005架A面5层1列/ [索取号:R473.72/1] 在馆    
9 699962   2000699962   中心书库中库/ 中库008架B面5列6层15/ [索取号:R473.72/1] 在馆    
10 699963   2000699963   中心书库中库/ 中库008架B面5列6层14/ [索取号:R473.72/1] 在馆    
11 699964   2000699964   中心书库中库/ 中库008架B面5列6层13/ [索取号:R473.72/1] 在馆    
12 699965   2000699965   中心书库中库/ 中库008架B面5列6层12/ [索取号:R473.72/1] 在馆    
13 699966   2000699966   中心书库中库/ 中库008架B面5列6层16/ [索取号:R473.72/1] 在馆    
14 699967   2000699967   中心书库中库/ 中库008架B面5列1层28/ [索取号:R473.72/1] 在馆    
15 699968   2000699968   中心书库中库/ 中库007架B面5列5层5/ [索取号:R473.72/1] 在馆    
16 699969   2000699969   中心书库中库/ 中库008架B面5列6层30/ [索取号:R473.72/1] 在馆    
17 699970   2000699970   中心书库中库/ 中库008架B面5列6层27/ [索取号:R473.72/1] 在馆    
18 699971   2000699971   中心书库中库/ 中库008架B面5列6层11/ [索取号:R473.72/1] 在馆    
山东省滨州职业学院图书馆 欢迎您!
大连网信软件有限公司© 版权所有